000 00420nam a2200157Ia 4500
003 GCL
008 140319s9999 xx 000 0 eng d
040 _aGCL /
_cGCL
082 0 4 _a621.3892
_bV C
100 1 _aCACHE, ETIENNE
245 1 0 _aCONCRETE SOUND AND LIGHTING SYSTEMS /
_cCACHE, ETIENNE
260 _a[S.N] :
_bMacmillan Publishing Company ،
_c1989
300 _a178 P
650 0 4 _aLIGHTING
942 _2ddc
_cBK
999 _c17660
_d17660